| 000 | 00812nam a2200265Ia 4500 | ||
|---|---|---|---|
| 001 | Para_5370 | ||
| 003 | CHAP | ||
| 008 | 220125s1933 xx 000 0 und d | ||
| 010 | _a203886 | ||
| 040 | _cCHAP | ||
| 090 | _aPA FOLLETO 2711 | ||
| 100 |
_aNewcomer, E. J. _981067 |
||
| 245 |
_aOrchard insects of the Pacific Northwest and their control / _c by E. J. Newcomer |
||
| 260 |
_aWashington : _b Department of Agriculture |
||
| 300 | _a77 p. | ||
| 440 |
_aEUA. Dep. of Agri. Circular; 270 _9169851 |
||
| 650 |
_aManzana _x Plagas Arboles frutales _x Plagas Pera _x Plagas Control de plagas _9169852 |
||
| 901 | _aPA FOLLETO 2711 | ||
| 902 | _aA | ||
| 905 | _a0000001933 WAS 0000000000 00 | ||
| 910 | _a1933 | ||
| 942 | _cPARA | ||
| 942 |
_cPARA _d1 |
||
| 999 |
_c203886 _d203886 |
||